00398nam a2200145Ia 4500003000900000008004100009040001600050080001500066100001900081245005400100260003800154300001400192650002800206650001800234IN-BaIIA211028s9999 xx 000 0 eng d cIIA Library a92:52bNEW aNewcomb, Simon 4aThe reminiscences of an astronomercSimon Newcomb aLondonbHarper and Brothersc1903 aix, 424p. aBiography-Simon Newcomb aReminiscences